000
00324nam a2200145Ia 4500
100
_a
Burns/J.A -ed/ Foseco .Ltd.
942
_c
RB
654
_a
Foseco
245
_a
Foseco Foundryman''''s Hand Book
260
_b
Pergamm Press
_a
Oxford
_c
1986
082
_a
671.2
_b
Bur
300
_a
435
546
_a
ENGLISH
999
_c
35724
_d
35724